| 000 | 00517cam a22001451 4500 | ||
|---|---|---|---|
| 082 |
_a355.00954 _bMAC _cD |
||
| 100 | 1 |
_aMacMunn, George Fletcher, _949483 |
|
| 245 | 1 | 4 |
_aThe history of the Sikh Pioneers, 23rd, 32nd, 34th, _cby Sir George MacMunn, assisted by Captain Spurgin. |
| 260 |
_aLondon, _bS. Low, Marston _c[1936] |
||
| 300 |
_axvi, 560 p. _bplates, ports., maps (part fold.) _c24 cm. |
||
| 526 |
_a0 _b0 _c0 _d355_009540000000000_MAC |
||
| 650 |
_aMCE _9379 |
||
| 700 | 1 |
_aSpurgin, A. R. _949484 |
|
| 942 |
_2ddc _cBK |
||
| 999 |
_c552264 _d552264 |
||